| 000 | 00487nam a2200181 a 4500 | ||
|---|---|---|---|
| 020 | _a0913250651 (v. 1) | ||
| 020 | _a0913250732 (v. 2) | ||
| 040 | _cDLC | ||
| 082 | 0 | 0 | _a664 AME 1988 A044 Or. |
| 245 | 0 | 0 |
_aWheat : _bchemistry and technology / |
| 250 | _a3rd ed. | ||
| 260 |
_aSt. Paul, Minn., USA : _bAmerican Association of Cereal Chemists, _c1988. |
||
| 300 |
_a2 v. : _bill. ; _c23 cm. |
||
| 650 | 0 | _aWheat. | |
| 650 | 0 | _aWheat products. | |
| 700 | 1 | _aPomeranz, Y. | |
| 942 | _cEK | ||
| 999 |
_c13453 _d13453 |
||